Κατάλογος Βιβλιοθηκών Mediterranean College

The Art and Craft of Paper Sculpture (Record no. 3912)

MARC details
000 -LEADER
fixed length control field 01554cam a22002054a 4500
005 - ΗΜΕΡΟΜΗΝΙΑ ΚΑΙ ΩΡΑ ΤΕΛΕΥΤΑΙΑΣ ΕΝΗΜΕΡΩΣΗΣ
Πεδίο ελέγχου 20250605164129.0
008 - FIXED-LENGTH DATA ELEMENTS--GENERAL INFORMATION
Πεδίο ελέγχου σταθερού μήκους 250528s ||||||||||||||||||||||||d
035 ## - SYSTEM CONTROL NUMBER
System control number 18561
020 ## - ISBN
ISBN 1850767254
040 ## - ΠΗΓΗ ΚΑΤΑΛΟΓΟΓΡΑΦΗΣΗΣ
Φορέας πρωτότυπης καταλογογράφησης MC Athens Campus Library
Γλώσσα καταλογογράφησης Ελληνικά, Μοντέρνα (1453-)
Modifying agency MC Athens Campus Library
Κανόνες περιγραφικής καταλογογράφησης AACR2
245 1# - ΤΙΤΛΟΣ ΚΑΙ ΔΗΛΩΣΗ ΥΠΕΥΘΥΝΟΤΗΤΑΣ
Τίτλος The Art and Craft of Paper Sculpture
260 ## - PUBLICATION, DISTRIBUTION, ETC.
Name of publisher, distributor, etc. Appleton Century Crofts,
Date of publication, distribution, etc. 1996
300 ## - PHYSICAL DESCRIPTION
Extent 130
505 0# - FORMATTED CONTENTS NOTE
Formatted contents note Introduction, Basic Techniques, Paper and Boards, Equipment, Techniques, How to Cut, Creasing, Pleats, Zigzag Pleats, Pop-Ups, Textured Surfaces, Tabbling, Layered Relief, Blocked Relief, Crimping, Using Light, Decorative Frames, Supported Frames, Relief Frames, Scroll Frames, Man in the Moon, Mona Lisa, Elephant, Nameplate, Rose, Matisse Paper Cutout, Swan, CFollapsible Cityscape, Mask, Twist-Out Star, Fall Leaves, Po-Up Head, Cylinder Abstract, Fish, Rooster, Valentine Mobile, Steam Train, Cloudscape, Dove, Fun Monster Puppet.
520 ## - SUMMARY, ETC.
Summary, etc. Introduction, Basic Techniques, Paper and Boards, Equipment, Techniques, How to Cut, Creasing, Pleats, Zigzag Pleats, Pop-Ups, Textured Surfaces, Tabbling, Layered Relief, Blocked Relief, Crimping, Using Light, Decorative Frames, Supported Frames, Relief Frames, Scroll Frames, Man in the Moon, Mona Lisa, Elephant, Nameplate, Rose, Matisse Paper Cutout, Swan, CFollapsible Cityscape, Mask, Twist-Out Star, Fall Leaves, Po-Up Head, Cylinder Abstract, Fish, Rooster, Valentine Mobile, Steam Train, Cloudscape, Dove, Fun Monster Puppet.
700 1# - ΠΡΟΣΘΕΤΗ ΑΝΑΓΡΑΦΗ--ΦΥΣΙΚΟ ΠΡΟΣΩΠΟ
Personal name Jackson Paul
9 (RLIN) 4826
942 ## - ADDED ENTRY ELEMENTS (KOHA)
Koha item type Books
Holdings
Τύπος τεκμηρίου Βιβλιοθήκη Τρέχουσα τοποθεσία Barcode Αριθμός εισαγωγής Ημερομηνία απόκτησης Ταξιθετικό σύμβολο Αριθμός αντιτύπου Κατάσταση απόσυρσης Κατάσταση χαμένου Κατάσταση κατεστραμμένου Μη δανεισμός Σύνολο δανεισμών Ημερομηνία τελευταίας εμφάνισης Η τιμή ισχύει από
Books MC Athens Campus Library MC Athens Campus Library 9780000039118 3465 05/06/2025 736.98 JAC 1           05/06/2025 05/06/2025

MC Athens Campus Library
Πατησίων 94 & Κοδριγκτώνος 13, 104 34
Πελλήνης 8 & Πατησίων 107, 112 51
Τ: +30 210 8899600

MC Thessaloniki Campus Library
Ίωνος Δραγούμη 21, 54625 | Ίωνος Δραγούμη 15, 54625
Τ: +30 2310 287779 – Τ: +30 2314 440300